000 00922nam a2200277 a 4500
001 40800
003 UkOxU
005 20211209053300.0
008 16-05-s1955 nyua 001 0 eng d
035 _a40915
040 _aBD-RjUL
_beng
_cBD-RjUL
041 _aeng
082 _a320.973
_219
_bPOL 1955
082 _a320.9/73/0927
_218
110 2 _aSandpiper Editorial Board.
_9125548
245 0 0 _aPolitics in the United States :
_bReadings in Political Parties and Pressure Groups /
_cEdited By Henry A. Turner
260 _aNew York :
_bMcGraw-hill Book Company,
_c1955
300 _axi, 436 p. ;
_c25 cm.
500 _aIncludes Index
651 0 _aUnited States
_xPolitics and government
_y1981-1989
_9125549
651 0 _aUnited States
_xPolitics and government
_y1977-1981
_9125550
700 _aTurner, Henry A., Edited
_9125551
830 0 _aSandpiper compact
_9125552
942 _2ddc
_cBK
999 _c40800
_d40800